Spiritual perspectives and human facts / (Record no. 534367)
[ view plain ]
| 000 -LEADER | |
|---|---|
| fixed length control field | 01136cam a2200313 a 4500 |
| 001 - CONTROL NUMBER | |
| control field | 2902219 |
| 003 - CONTROL NUMBER IDENTIFIER | |
| control field | NUST |
| 005 - DATE AND TIME OF LATEST TRANSACTION | |
| control field | 20200218105137.0 |
| 008 - FIXED-LENGTH DATA ELEMENTS--GENERAL INFORMATION | |
| fixed length control field | 870807s1987 enk 000 0 eng |
| 010 ## - LIBRARY OF CONGRESS CONTROL NUMBER | |
| LC control number | 87163547 |
| 020 ## - INTERNATIONAL STANDARD BOOK NUMBER | |
| International Standard Book Number | 0900588276 : |
| Terms of availability | £8.95 |
| 038 ## - RECORD CONTENT LICENSOR | |
| Staff Name | MSOHAIL |
| 040 ## - CATALOGING SOURCE | |
| Original cataloging agency | DLC |
| Transcribing agency | DLC |
| Modifying agency | DLC |
| 041 1# - LANGUAGE CODE | |
| Language code of text/sound track or separate title | eng |
| Language code of original | fre |
| 050 00 - LIBRARY OF CONGRESS CALL NUMBER | |
| Classification number | BL51 |
| Item number | .S46553 1987 |
| 082 00 - DEWEY DECIMAL CLASSIFICATION NUMBER | |
| Classification number | 291.2 |
| Author Mark | SCH |
| 100 1# - MAIN ENTRY--PERSONAL NAME | |
| Personal name | Schuon, Frithjof, |
| Dates associated with a name | 1907-1998. |
| 9 (RLIN) | 6063 |
| 240 10 - UNIFORM TITLE | |
| Uniform title | Perspectives spirituelles et faits humains. |
| Language of a work | English |
| 245 10 - TITLE STATEMENT | |
| Title | Spiritual perspectives and human facts / |
| Statement of responsibility, etc. | by Frithjof Schuon ; a new translation by P.N. Townsend. |
| 260 ## - PUBLICATION, DISTRIBUTION, ETC. | |
| Place of publication, distribution, etc. | Bedfont, Middlesex : |
| Name of publisher, distributor, etc. | Perennial, |
| Date of publication, distribution, etc. | 1987. |
| 300 ## - PHYSICAL DESCRIPTION | |
| Extent | 223 p. ; |
| Dimensions | 22 cm. |
| 500 ## - GENERAL NOTE | |
| General note | Translation of: Perspectives spirituelles et faits humains. |
| 500 ## - GENERAL NOTE | |
| General note | Cover title: Spiritual perspectives & human facts. |
| 650 #0 - SUBJECT ADDED ENTRY--TOPICAL TERM | |
| Topical term or geographic name entry element | Knowledge, Theory of (Religion) |
| 9 (RLIN) | 6064 |
| 740 0# - ADDED ENTRY--UNCONTROLLED RELATED/ANALYTICAL TITLE | |
| Uncontrolled related/analytical title | Spiritual perspectives & human facts. |
| 906 ## - LOCAL DATA ELEMENT F, LDF (RLIN) | |
| a | 7 |
| b | cbc |
| c | orignew |
| d | 3 |
| e | ncip |
| f | 19 |
| g | y-gencatlg |
| 942 ## - ADDED ENTRY ELEMENTS (KOHA) | |
| Source of classification or shelving scheme | |
| Koha item type | Book |
| Withdrawn status | Lost status | Source of classification or shelving scheme | Damaged status | Not for loan | Permanent Location | Current Location | Date acquired | Total Checkouts | Full call number | Barcode | Date last seen | Price effective from | Koha item type |
|---|---|---|---|---|---|---|---|---|---|---|---|---|---|
| School of Civil and Environmental Engineering (SCEE) | School of Civil and Environmental Engineering (SCEE) | 02/18/2020 | 291.2 SCH | NIT-9819 | 02/18/2020 | 02/18/2020 | Book |
